000 00538cam a22002171 4500
001 sa 63003968
003 DLC
005 20260227111945.0
008 890622s1962 ii 000 1 hino
010 _asa 63003968
035 _a(OCoLC)19914022
040 _aDLC
_cWaU
_dDLC
042 _apremarc
050 0 0 _aPK2077
_b.B47
100 1 _aBhāradvāja, Śāntilāla.
245 1 0 _aPratinidhi kahāniyām̐.
260 _c[1962]
300 _a14, 110, 29, 13 p.
_c19 cm.
500 _aIn Hindi.
650 0 _aShort stories, Hindi.
999 _c55398
_d55398